| 000 | 00944nam a2200265 i 4500 | ||
|---|---|---|---|
| 001 | 114508 | ||
| 003 | ES-MaACL | ||
| 005 | 20231201062950.0 | ||
| 007 | t| | ||
| 008 | 070306q18701900sp ||||1| spa d | ||
| 100 | 1 |
_aPushkin, Aleksandr Sergueevich, _d1799-1837 _994427 |
|
| 245 | 1 | 3 |
_aUn tiro _b: ; El constructor de ataúdes ; La nevada : novelas rusas / _cA. Pouschkine. |
| 260 |
_aMadrid : _bCasa Editorial de Medina, _c[18--?] |
||
| 300 |
_a143 p. ; _c16 cm. |
||
| 490 | 1 | _aBiblioteca económica | |
| 500 | _aLa casa Editorial Medina ejerce ca. 1870-1900. | ||
| 505 | 8 | _aContiene además: Un drama en La Martinica / por Javier Eyma -- La sortija / por Carlos Monselet | |
| 700 | 1 |
_aEyma, Javier. _948438 |
|
| 700 | 0 |
_aMonselet, Charles. _982293 |
|
| 740 | 3 | _aUn drama en La martinica. | |
| 740 | 3 | _aLa sortija. | |
| 830 | 0 |
_aBiblioteca económica _9185772 |
|
| 852 |
_aES-MaACL _jD-3878 |
||
| 999 |
_c114508 _d114508 |
||